000 01127cam a2200301 i 4500
001 000015466
003 DO-SdBNP
005 20230508155640.0
007 ta
008 831117s19uu xxx 000 0 spa d
040 _aDO-SdBNP
_bspa
_cBNPHU
_erda
082 4 _a133.901
_bL697e
_222
245 0 3 _aEl libro de los espíritus /
_cRecopiladas y puestas en orden, Allan Kardec.
260 _a[s.l] :
_b[s.n] ,
_c[19??].
300 _a465 páginas ;
_c21 cm.
336 _2rdaconten
_atexto
_btxt
337 _2rdamedia
_asin mediación
_bn
338 _2rdacarrier
_avolumen
_bnc
490 _aFilosofía espiritualista
500 _aContiene los principios de la doctrina espiritista sobre la inmortalidad del alma, la naturaleza de los espíritus y sus relaciones con el hombre, las leyes morales, la vida presente, la vida futura y el porvenir de la humanidad.
500 _aTraducida de la última edición francesa
590 _aInventariado, 2018/ YL
650 4 _aEspiritismo
_91460
650 4 _aEspíritus
_934938
700 1 _aKardec, Allan,
_d1804-1869
_ecompilador
_934939
910 _aYL
942 _2ddc
_cLBS1
999 _c15022
_d15022